=LDR 00000nam 2200000 4500 =001 INLIS000000000018069 =005 20130612113240 =008 ***********************************Ind** =035 ##$$0010-061300000018069 =041 ##$$a Ind =082 ##$$a 616.979 2 =090 ##$$a 616.979 2, Las p =100 ##$$a Lasmadiwati, Endah =245 ##$$a Potensi diri dan alam untuk pengobatan HIV/AIDS, oleh Lasmadiwati ; editor, Putu Oka Sukanta =260 ##$$a 2005 $b Jakara =300 ##$$a 195 hlm, ilus, 22 cm =650 ##$$a Aids-Pengobatan =850 ##$$a NBPNMAT